| 000 | 01894nam0a2200373 i 4500 | ||
|---|---|---|---|
| 001 | RU\NLR\BIBL_A\011460347 | ||
| 005 | 20260406043709.0 | ||
| 010 |
_a9785893172379 _9500 |
||
| 035 | _a(NLR Aleph) 011460347 | ||
| 090 |
_a11799689 _c11799689 |
||
| 100 | _a20170823d2017 u y0rusy50 ca | ||
| 101 | 0 | _arus | |
| 102 | _aRU | ||
| 105 | _a z 000zy | ||
| 200 | 1 |
_aВлияние опасных излучений на человека _fЛ.О. Мырова, Н.Н. Грачев, В.Н. Никитина |
|
| 210 |
_aМосква _cВизави _d2017 |
||
| 215 |
_a414 с. _cил., цв. ил. _d22 |
||
| 225 | 1 | _aЭто важно знать | |
| 300 | _aНа 4-й с. обл. авт.: Л.О. Мырова, д.т.н., проф., Н.Н. Грачёв, проф., чл.-кор. РАЕН, В.Н. Никитина, проф., д.м.н., действ. чл. Акад. Электротехн. наук РФ | ||
| 320 | _aБиблиогр.: с. 402-413 | ||
| 606 | 1 |
_aЭлектромагнитное излучение _xВлияние на организм _91154525 _3RU\NLR\AUTH\66143075 |
|
| 606 | 1 |
_aИонизирующее излучение _xВлияние на организм _91387334 _3RU\NLR\AUTH\66582867 |
|
| 606 | 1 |
_aТорсионные поля _xВлияние на организм _92337072 _3RU\NLR\AUTH\6601620965 |
|
| 686 | 1 | _aР120.112 | |
| 686 | 1 | _aР126.1 | |
| 686 | 1 | _aР368-2 | |
| 686 | 1 | _aР120.11 | |
| 700 | 1 |
_aМырова _bЛ. О. _gЛюдмила Ошеровна |
|
| 701 | 1 |
_8rus _7ca _aГрачев _bН. Н. _cканд. техн. наук, радиотехника _gНиколай Николаевич _3RU\NLR\AUTH\773701 _9113694 |
|
| 701 | 1 |
_8rus _7ca _aНикитина _bВ. Н. _cд-р мед. наук _gВалентина Николаевна _3RU\NLR\AUTH\7732524 _915532 |
|
| 942 | _cBOOK | ||
| 980 | _aNBR | ||